00382nam a2200133Ia 4500008004100000041001200041082001600053100002100069245007300090260003700163300000800200650001600208700002400224221030s9999 xx 000 0 und d aEnglish a105.23bRad aP. Radhakrishnan 0aComputer Graphics & Designcby P. Radhakrishnan, C. P. Kothandaraman bDhanpat Rai PubaNew Delhic1998 a336 aBE Computer aC. P. Kothandaraman